LEADER 00000aam a2200000 i 4500
001 115677
003 CZ-ZlUTB
005 20260529085400.0
007 ta
008 260414s2026 xr e 001 0 cze d
015 |a cnb003750614 
020 |a 978-80-286-0558-2  |q (vázáno) 
040 |a CBA001  |b cze  |d ABA001  |d ZLD002  |e rda 
043 |a e-xr---  |a e------ 
072 7 |a 628  |x Sanitární technika. Vodárenství. Odpadové hospodářství. Světelná technika  |2 Konspekt  |9 19 
080 |a 351.777.61  |2 MRF 
080 |a 628.3/.5  |2 MRF 
080 |a 502:338.23  |2 MRF 
080 |a (4)  |2 MRF 
080 |a 34  |2 MRF 
080 |a (437.3)  |2 MRF 
080 |a 338:502.173/.174  |2 MRF 
080 |a 628.3/.5-022.231  |2 MRF 
080 |a [330.567.2+338.3]:502.1  |2 MRF 
080 |a (048.8)  |2 MRF 
100 1 |a Kanický, Jakub,  |d 1995-  |7 mzk20221150823  |4 aut 
245 1 0 |a Právní rámec předcházení vzniku odpadu v kontextu cirkulární ekonomiky /  |c Jakub Kanický 
250 |a Vydání první 
264 1 |a Praha :  |b Wolters Kluwer,  |c 2026 
300 |a xxii, 188 stran ;  |c 24 cm 
336 |a text  |b txt  |2 rdacontent 
337 |a bez média  |b n  |2 rdamedia 
338 |a svazek  |b nc  |2 rdacarrier 
490 1 |a Právní monografie 
500 |a "Právní stav publikace je k 1.1.2026"--Rub titulní stránky 
504 |a Obsahuje bibliografii, bibliografické odkazy a rejstřík 
650 0 7 |a minimalizace odpadů  |7 ph628961  |x právní aspekty  |z Česko  |2 czenas 
650 0 7 |a minimalizace odpadů  |7 ph628961  |x právní aspekty  |z země Evropské unie  |2 czenas 
650 0 7 |a odpadové hospodářství  |7 ph115563  |z Česko  |2 czenas 
650 0 7 |a odpadové hospodářství  |7 ph115563  |z země Evropské unie  |2 czenas 
650 0 7 |a environmentální politika  |7 ph119960  |2 czenas 
650 0 7 |a udržitelná spotřeba a výroba  |7 ph200882  |2 czenas 
650 0 7 |a cirkulární ekonomika  |7 ph1080844  |2 czenas 
650 0 9 |a waste minimization  |x legal aspects  |z Czechia  |2 eczenas 
650 0 9 |a waste minimization  |x legal aspects  |z European Union countries  |2 eczenas 
650 0 9 |a waste management  |z Czechia  |2 eczenas 
650 0 9 |a waste management  |z European Union countries  |2 eczenas 
650 0 9 |a environmental policy  |2 eczenas 
650 0 9 |a sustainable consumption and production  |2 eczenas 
650 0 9 |a circular economy  |2 eczenas 
655 7 |a monografie  |7 fd132842  |2 czenas 
655 9 |a monographs  |2 eczenas 
710 2 |a Wolters Kluwer Česká republika (firma)  |7 mzk2013746731  |4 pbl 
830 0 |a Právní monografie (Wolters Kluwer ČR) 
910 |a ZLD002 
942 |2 udc 
952 |0 0  |1 0  |4 0  |5 0  |6 628KANICKÝJ  |7 0  |8 BOOK  |9 191233  |a UTBZL  |b UTBZL  |c 005  |d 2026-05-21  |l 0  |o 628/KANICKÝ,J.  |p 420010202178  |r 2026-05-21 09:55:27  |v 399.00  |w 2026-05-21  |x N:nákup  |y 01 
992 |a BK  |b SK 
999 |c 115677  |d 115677